| 000 | 00307 a2200133 4500 | ||
|---|---|---|---|
| 001 | 33010 | ||
| 082 | _a621.4022 KAV | ||
| 090 |
_c22136 _d22136 |
||
| 100 | _aKaviany,M | ||
| 245 | _aPrinciples of Convective Heat Transfer, 2/e | ||
| 250 | _a2 | ||
| 260 |
_aNY _bspringer _c2001 |
||
| 300 | _axx, 707 p. | ||
| 942 |
_aNUST-CAE _k621.4022 KAV |
||
| 999 |
_c268083 _d268083 |
||